Регионална библиотека "Любен Каравелов" - Русе

Името ми е Червен (Запис номер 325877)

MARC детайли
000 -Лидер
Контролно поле с фиксирана дължина 01140nam a2200277 a 4500
003 - Код на организацията, давaща контролен номер
Контролно поле BLK
005 - Дата и час на последна редакция
Контролно поле 20250414163029.0
008 - Елементи от данни с фиксирана дължина
fixed length control field 181105b bu ||||| |||| 00| 0 bu d
020 ## - Международен стандартен номер на книга ISBN
Международен стандартен номер на книга ISBN 9789543651856
040 ## - Източник на каталожния запис
Идентификатор на билиотеката - собственик на записа BLK
041 ## - Код за език
Код за езика на текст/звукозапис или на отделно заглавие Български
Код за езика КДБФ Български
080 ## - УДК
Текстов определител УДК Турска литература
УДК код - определител по УДК 821.512.161
УДК определител -31
УДК - код + определител 821.512.161-31
100 ## - Редна дума - Автор
Автор Памук, Орхан
Авторска отговорност първи автор
R(LIN) 1299
139 ## - Редно поле
Редна дума Памук, Орхан
Авторски знак Пам - П 16
245 ## - Сведения за заглавието
Заглавие Името ми е Червен
Подзаглавни данни Роман
Редно поле (дума) Орхан Памук ; прев. от тур. Розия Самуилова
250 ## - Област на изданието
Сведения за изданието 4. изд.
257 ## - Страна на издаване
Страна на създаване/издаване Турция
260 ## - Област на издателските данни
9 (RLIN) 209519
Място на издаване, разпространение и проч. София
Име на издателя, разпространителя и проч. Еднорог
Година на издаване 2016
300 ## - Физическа характеристика
Страници 540 с.
Размери/Мащаб 20 см
380 ## - Жанр
Жанр Худож. лит.
500 ## - Общи забележки
Забележка Ориг. загл.: Benim adim Kirmizi / Orhan Pamuk. - Името на прев. отбелязано на предзагл. с. - 1. изд. 2004.
700 ## - Други автори (авторска отговорност)
9 (RLIN) 368971
Лично име Самуилова, Розия Бечева
Автороска отговорност (Описва отношението между автора и произведението) прев. от тур.
852 ## - Местоположение
Форматна сигнатура Цб 291309
Фондова буква Хранилище
Систематично-азбучна сигнатура 821.512.161-31/П 16
999 ## - СИСТЕМНИ КОНТРОЛНИ НОМЕРА
Koha biblionumber 325877
Koha biblioitemnumber 325877
942 ## - АРТИКУЛИ
Източник на класификационната схема Universal Decimal Classification
Вид на библиотечния материал Книги
Скрит в OPAC Не
Периодичен библиозапис Да
Koha issues (borrowed), all copies 7
944 ## - СЪЗДАВАНЕ И РЕДАКЦИЯ на ЗАПИСА
Създаване/Редакция Създаване
Дата на регистрацията/редакция 2023-05-19
Служител, извършил регистрацията/редакцията 30542
Статус, дата на статуса Русанова Ирена
Наличности
Код за отписване Код за изгубен артикул Източник на класификационната схема Код за повреда Коз за рестрикции Код за отдаване Артикулен № Име на библиотеката - собственик Име на библиотеката, в която се намира в момента Статус (Текущо местоположение) Дата на вписване в системата Местоположение - отдел Цена в лева Систематично азбучна сигнатура Баркод Цена в евро Служебен тип на артикула Инвентарен номер
  Не е изгубен Universal Decimal Classification Не е повреден без рестрикции ползва се в читалня 683568 Регионална библиотека "Любен Каравелов" Русе Регионална библиотека "Любен Каравелов" Русе Хранилище 2018-11-30 Хранилище 19.90 Цб 291309 120000824828 10.17 Книги  
  Не е изгубен Universal Decimal Classification Не е повреден без рестрикции заемане за дома 928933 Регионална библиотека "Любен Каравелов" Русе Регионална библиотека "Любен Каравелов" Русе Заемна - подръчен фонд 2023-05-23 Заемна - подръчен фонд 19.90 821-31/П 16 О 120000888056 10.17 Книги 120000888056
Vip Innovations Ltd, Rousse, Bulgaria 2025